| 000 | 00774nam a22002055i 4500 | ||
|---|---|---|---|
| 001 | 151976 | ||
| 003 | ES-MaACL | ||
| 005 | 20250730063134.0 | ||
| 008 | 030314s1857 fr a |||| | fre d | ||
| 040 |
_aCCPB | B _bspa _cCCPB | B |
||
| 100 | 1 |
_aBernard, Claude, _d1813-1878 _928231 |
|
| 245 | 1 | 0 |
_aLeçons sur les effects des substances toxiques et médicamenteuses / _cpar Claude Bernard. |
| 260 |
_aParis : _bJ. B. Baillière et fils, _c1857 ( _eCorbeil : _ftyp. et stér. de Crété) |
||
| 300 |
_aVII, 488 p. : _bil. ; _c22 cm. |
||
| 490 | 1 | _aCours de Médecine du Collège de France | |
| 650 | 4 |
_aToxicología. _9136941 |
|
| 830 | 0 |
_aCours de Médecine du Collège de France _9187688 |
|
| 852 |
_aES-MaACL _jB-572 _z-- Enc. hol. |
||
| 999 |
_c151976 _d151976 |
||